00437nam a2200157Ia 4500003000400000005001700004008004000021040000700061041001200068082001900080100003000099245005800129260004500187650002400232700002300256OSt20260627124052.0210210b1982 xxu||||| |||| 00| 0 eng d cAL aEnglish a910.35487 KARG aKARNATAKA, GOVERNMENT of. aGazetteer of India- Karnataka state gazetteer Part I. aBangalorebGovernment of Karnatakac1982 aKarnataka Gazetteer aSuryanath U Kamath